200+ Excel Formulas and Functions (Record no. 12436)

MARC details
000 -LEADER
fixed length control field 00368nam a22001577a 4500
003 - CONTROL NUMBER IDENTIFIER
control field OSt
008 - FIXED-LENGTH DATA ELEMENTS--GENERAL INFORMATION
fixed length control field 240410b |||||||| |||| 00| 0 eng d
020 ## - INTERNATIONAL STANDARD BOOK NUMBER
International Standard Book Number 978935513786
082 ## - DEWEY DECIMAL CLASSIFICATION NUMBER
Classification number 005.369 MCE
100 ## - MAIN ENTRY--PERSONAL NAME
Personal name McDONALD,Michael
245 ## - TITLE STATEMENT
Title 200+ Excel Formulas and Functions
250 ## - EDITION STATEMENT
Edition statement 1st Ed
260 ## - PUBLICATION, DISTRIBUTION, ETC. (IMPRINT)
Place of publication, distribution, etc New Delhi
Name of publisher, distributor, etc BPB
Date of publication, distribution, etc 2024
300 ## - PHYSICAL DESCRIPTION
Extent 231
942 ## - ADDED ENTRY ELEMENTS (KOHA)
Source of classification or shelving scheme Dewey Decimal Classification
Koha item type Text Books
Holdings
Withdrawn status Lost status Source of classification or shelving scheme Damaged status Not for loan Collection code Home library Current library Date acquired Source of acquisition Currency Cost, normal purchase price Bill Number Total Checkouts Full call number Acc. no. / Barcode Date last seen Actual Cost, discounted price Bill Date Koha item type Date last borrowed
    Dewey Decimal Classification     BBA PIET C-LIBRARY PIET C-LIBRARY 23/03/2024 Zafaa Books and Distributors In rupees 699.00 ZBD0451   005.369 MCE 35651 10/04/2024 510.27 23/03/2024 Reference Books  
    Dewey Decimal Classification     BBA PIET C-LIBRARY PIET C-LIBRARY 23/03/2024 Zafaa Books and Distributors In rupees 699.00 ZBD0451   005.369 MCE 35652 10/04/2024 510.27 23/03/2024 Text Books  
    Dewey Decimal Classification     BBA PIET C-LIBRARY PIET C-LIBRARY 23/03/2024 Zafaa Books and Distributors In rupees 699.00 ZBD0451 1 005.369 MCE 35653 04/12/2024 510.27 23/03/2024 Text Books 20/11/2024
    Dewey Decimal Classification     BBA PIET C-LIBRARY PIET C-LIBRARY 23/03/2024 Zafaa Books and Distributors In rupees 699.00 ZBD0451   005.369 MCE 35654 10/04/2024 510.27 23/03/2024 Text Books  
    Dewey Decimal Classification     BBA PIET C-LIBRARY PIET C-LIBRARY 23/03/2024 Zafaa Books and Distributors In rupees 699.00 ZBD0451   005.369 MCE 35655 10/04/2024 510.27 23/03/2024 Text Books  

Design & Developed by: PIET Central Library
R70 Miles Stone Pattikalyana Samalkha Panipat 132102
mail ID :- [email protected], Phone No:- 0180-2569700 Ex.216